1664 1569 1561 1928 1019 1446 1798 1583 1641 1410 1792 1156 1717 1036 1087 1493 1581 1674 1160 1334 1639 1963 1096 1448 1786 1218 1078 1057 1538 1122 1250 1377 1679 1974 1653 1019 1088 1729 1527 1922 1034 1890 1515 1908 1042 1679 1646 1124 1107 1163 1406 1053 1163 1680 1960 1003 1742 1106 1841 1310 1043 1176 1045 1012 1398 1914 1358 1300 1750 1212 1582 1703 1108 1580 1823 1833 1879 1555 1308 1077 1744 1512 1959 1624 1793 1417 1050 1699 1930 1108 1169 1618 1950 1973 1742 1965 1040 1587 1289 BCNSPRNW ULIB Ver.6.0+V

เปลี่ยนเป็นภาษาไทย

Change to English
 แสดงรายละเอียดบรรณานุกรม
  กลับหน้าหลัก

Brief Record : Get Marc (ISO 2709) : E-mail record : QR code < ปิดหน้าต่าง
LEADER : 00000nam 2200000uu 4500
001    13399125411
003     ULIB
008    170526s2558||||th 000 0 tha d
020    ^a9786169197263
060    ^aWS100 ว618P
100    ^aวินัดดา ปิยะศิลป์
245    ^aPediatric Palliative Care
250    ^aพิมพ์ครั้งที่ 1
260    ^aกรุงเทพฯ :^bราชวิทยาลัยกุมารแพทย์แห่งประเทศไทย,^c2558
300    ^a228 หน้า^bภาพประกอบ
650    ^aกุมารเวชศาสตร์
650    ^aเด็กป่วย^xการดูแล
945    ^p350^l0^i24492
945    ^p350^l0^i24494
945    ^p350^l0^i26058
945    ^p350^l0^i26059
945    ^p350^l0^i26060
945    ^p350^l0^i26061
945    ^p350^l0^i26062
999    ^aกัณชพร
รายการนี้ยังไม่มีแท็ก
คุณยังไม่ได้ล็อกอิน คุณสามารถมีกิจกรรมร่วมกับเว็บไซต์ได้ แต่ต้องล็อกอินก่อน ::
  ล็อกอิน

รายการสื่อสารสนเทศ

ลำดับที่ ประเภท เลขเรียก/บาร์โค้ด สถานที่ สถานะ
1. หนังสือสำรอง
หนังสือสำรอง
สถานะ=หนังสือเก่า
WS100 ว618P ฉ.1 
  Barcode: 24492
ห้องสมุดวิทยาเขตนครสวรรค์
►ส่วนจัดเก็บหนังสือเก่า นว.
บนชั้น
  ขอยืม
2. วิทยาศาสตร์การแพทย์ และสุขภาพ
วิทยาศาสตร์การแพทย์ และสุขภาพ
สถานะ=หนังสือเก่า
WS100 ว618P ฉ.2 
  Barcode: 24494
ห้องสมุดวิทยาเขตนครสวรรค์
►ส่วนจัดเก็บหนังสือเก่า นว.
บนชั้น
  ขอยืม
3. วิทยาศาสตร์การแพทย์ และสุขภาพ
วิทยาศาสตร์การแพทย์ และสุขภาพ
สถานะ=หนังสือเก่า
WS100 ว618P ฉ.3 
  Barcode: 26058
ห้องสมุดวิทยาเขตนครสวรรค์
►ส่วนจัดเก็บหนังสือเก่า นว.
บนชั้น
  ขอยืม
4. วิทยาศาสตร์การแพทย์ และสุขภาพ
วิทยาศาสตร์การแพทย์ และสุขภาพ
สถานะ=หนังสือเก่า
WS100 ว618P ฉ.4 
  Barcode: 26059
ห้องสมุดวิทยาเขตนครสวรรค์
►ส่วนจัดเก็บหนังสือเก่า นว.
บนชั้น
  ขอยืม
5. วิทยาศาสตร์การแพทย์ และสุขภาพ
วิทยาศาสตร์การแพทย์ และสุขภาพ
สถานะ=หนังสือเก่า
WS100 ว618P ฉ.5 
  Barcode: 26060
ห้องสมุดวิทยาเขตนครสวรรค์
►ส่วนจัดเก็บหนังสือเก่า นว.
บนชั้น
  ขอยืม
6. วิทยาศาสตร์การแพทย์ และสุขภาพ
วิทยาศาสตร์การแพทย์ และสุขภาพ
สถานะ=หนังสือเก่า
WS100 ว618P ฉ.6 
  Barcode: 26061
ห้องสมุดวิทยาเขตนครสวรรค์
►ส่วนจัดเก็บหนังสือเก่า นว.
บนชั้น
  ขอยืม
7. วิทยาศาสตร์การแพทย์ และสุขภาพ
วิทยาศาสตร์การแพทย์ และสุขภาพ
สถานะ=หนังสือเก่า
WS100 ว618P ฉ.7 
  Barcode: 26062
ห้องสมุดวิทยาเขตนครสวรรค์
►ส่วนจัดเก็บหนังสือเก่า นว.
บนชั้น
  ขอยืม

รายการใกล้เคียง
    ชื่อเรื่อง [Pediatric Palliative Care]

    ผู้แต่ง [วินัดดา ปิยะศิลป์]

    หัวเรื่อง [กุมารเวชศาสตร์]

BibComment


ยังไม่เคยถูกคอมเมนท์

คอมเมนท์ทรัพยากรรายการนี้
  คอมเมนท์: Pediatric Pallia..


 Copyright 2026. Bcnsprnw @Library